Estados e Territórios da Austrália (incluindo_Antigos_Territórios) - Statistics

Estatísticas Gerais
  • Esse quiz foi jogado 9 vezes
  • A pontuação média é 11 de 27
Estatísticas das Respostas
Tipo / Categoria Nome / Designação % Correto
Estado Austrália Meridional / Austrália do Sul
83%
Estado Nova Gales do Sul
83%
Território Interno Território do Norte
83%
Estado Victoria
83%
Estado Austrália Ocidental
67%
Estado Queensland
67%
Estado Tasmânia
67%
Território Externo(ilha) Ilha Christmas /Ilha do Natal
50%
Território Externo(arquipélago) Ilhas Cocos (Keeling)
50%
Antiga Colónia(1788-1835) Nova Zelândia(enquanto parte de
Nova Gales do Sul)
50%
Território Interno Território daCapital Australiana
50%
Antigo Território Externo (1920-1949) Território da Nova Guiné
50%
Antigo Território Externo (1902-1949) Território da Papua
50%
Antigo Território Interno (1927-1931) Austrália Central
33%
Território Externo(ilha) Ilha Norfolk
33%
Território Interno Território da Baía de Jervis
33%
Territórios Indígenas Áreas Protegidas Indígenas / Terras Aborígenes
17%
Antigo Território Interno (1927-1931) Austrália do Norte
17%
Área Não Incorporada (ilha) Ilha de Lord Howe(Nova Gales do Sul)
17%
Território Externo (grupo de ilhas) Ilha Heard eIlhas McDonald
17%
Possessão (ilha) Ilha Macquarie (Tasmânia)
17%
Território Externo(grupo de ilhas) Ilhas Ashmore e Cartier
17%
Região Autónoma (arquipélago) Ilhas do Estreito de Torres
17%
Território Externo (grupo de ilhas) Ilhas do Mar de Coral
17%
Território Externo Território Antártico Australiano
17%
Antigo Território Externo (1949-1975) Território da Papuae Nova Guiné
17%
Antigo Território Externocoadministração NZ GB (1920-1968) Território do Nauru
17%
Nenhum quiz correspondente encontrado
Distribuição das Pontuações
Porcentagem de Pessoas com Cada Pontuação
Percentil de Números Respondidos
Sua Pontuação Histórica
Você não jogou esse quiz